| 000 | 00432pab a2200169 454500 | ||
|---|---|---|---|
| 008 | 180718b1999 xxu||||| |||| 00| 0 eng d | ||
| 100 | _aDevine, Patricia A. | ||
| 245 | _aThe problem of "Us" versus "Them" and AIDS stigma | ||
| 260 | _c1999 | ||
| 300 | _ap.1212-228 | ||
| 362 | _aApr | ||
| 650 | _aAIDS | ||
| 700 | _aHarrison, Kristen | ||
| 700 | _aPlant, E. Ashby | ||
| 773 | _aAmerican Behavioral Scientist | ||
| 909 | _a41252 | ||
| 999 |
_c41252 _d41252 |
||